000 00304nam a2200133Ia 4500
008 191201s2009 xx 000 0 und d
100 _aKAUSHAL, H
245 0 _aCase Study Solutions Finance
250 _aRep.
260 _aN.Delhi
_bMacmillan
_c2009
300 _a237
650 _aMBA
942 _2ddc
_cBK
999 _c4101
_d4101